• 首页
  • 本馆介绍
  • 公告通知
  • 最新文献
  • 馆藏检索
  • 电子资源
  • 读者导购
  • 参考咨询
  • 我的图书馆
  • 登录
  • 详细信息显示
  • 放入我的书架
  • 预约/预借图书
  • 作者相关作品
  • 分类相关作品
  • 丛书相关作品
  • 出版社相关作品

书目信息

  • 表格格式
  • 工作单格式
  • 卡片格式
题名:
社会学研究方法论问题
    
 
作者: 克兹洛夫 ;吴振海 , 吴静 译
分册:  
出版信息: 天津   南开大学  1986
页数: 168页
开本: 19cm
丛书名:
单 册:
中图分类: C910
科图分类:
主题词: 社会学
电子资源:
ISBN:
000 00619nam0 2200205 450
001 0753865015
005 20070818145745.01
010    @d¥1.05
100    @a20070818d km y0chiy0120 ea
101 0  @achi
200 1  @a社会学研究方法论问题@Ashe hui xue yan jiu fang fa lun wen ti@f(苏)克兹洛夫@F(su)ke zi luo fu@g吴静,吴振海译@Gwu jing,wu zhen hai yi
210    @a天津@c南开大学@d1986
215    @a168页@d19cm
606 0  @a社会学
690    @aC910@v3
701  0 @a克兹洛夫@Ake zi luo fu
702  0 @a吴振海@Awu zhen hai@4译
702  0 @a吴静@Awu jing@4译
801  0 @aCN@bPFT@c20070818
905    @a213230@dC910@ee14@f1
    
    社会学研究方法论问题/(苏)克兹洛夫/吴静,吴振海译.-天津:南开大学,1986
    168页;19cm
    
    
    ISBN :¥1.05
    
●
相关链接 在E读中查询图书 在五车中查询图书 在当当中查询图书 在豆瓣中查询图书


正题名:社会学研究方法论问题     索取号:C910/e14         预约/预借

序号 登录号 条形码 馆藏地/架位号 状态 备注
1 6301399   263013991   教育系资料室/ [索取号:C910/e14] 在馆    
2 6301400   263014008   教育系资料室/ [索取号:C910/e14] 在馆    
唐山师范学院图书馆 欢迎您!
大连网信软件有限公司© 版权所有